000 00622 a2200217 4500
001 065889
003 OSt
005 20251209102840.0
008
082 _a005.13
_bL26D
100 1 _aTanenbaum, A.M.
245 1 _aData structure using C and C++
_cBy A.m. Tanenbaum,y. Langsam And Moshe J. Augenstein
250 _a2nd ed.
260 _aNew Delhi
_bPHI
_c1996
300 _a672p.
500 _aEnglish
690 _aC++ (Computer program language); Object-oriented programming (Computer science)
700 _aLangsam, Y.
700 _aAugenstein, Moshe J.
942 _2ddc
_cBK
999 _c154
_d154